[Event "Deutscher Mix-Teampokal U12 2025"]
[Site "Bad Homburg GER"]
[Date "2025.07.19"]
[Round "1"]
[White "Feldhaus, Lena"]
[Black "Kukhtichev, Maksim"]
[Result "0-1"]
[Termination "normal"]
[Board "2.2"]
[WhiteElo "1474"]
[BlackElo "1616"]
[WhiteClock "00:03:58"]
[BlackClock "00:26:55"]
[WhiteTeam "OSC Rheinhausen 04"]
[BlackTeam "SK Bad Homburg 1927"]
[PlyCount "126"]
[WhiteFideId "34642684"]
[BlackFideId "34638881"]
[EventCountry "GER"]
[EventRounds "5"]
[EventType "team-swiss"]
[EventDate "2025.07.18"]

1. e4 {[%clk 00:55:07]} {[%emt 00:00:02]} e5 {[%clk 00:55:02]} {[%emt
00:00:09]} 2. Nc3 {[%clk 00:55:06]} {[%emt 00:00:06]} Nf6 {[%clk 00:54:18]}
{[%emt 00:00:49]} 3. Bc4 {[%clk 00:55:01]} {[%emt 00:00:10]} Nxe4 {[%clk
00:54:09]} {[%emt 00:00:14]} 4. Qe2 {[%clk 00:52:35]} {[%emt 00:02:31]} Nf6
{[%clk 00:52:21]} {[%emt 00:01:53]} 5. Qxe5+ {[%clk 00:51:48]} {[%emt
00:00:52]} Be7 {[%clk 00:52:20]} {[%emt 00:00:06]} 6. Nd5 {[%clk 00:49:27]}
{[%emt 00:02:25]} Nxd5 {[%clk 00:51:14]} {[%emt 00:01:11]} 7. Qxd5 {[%clk
00:48:55]} {[%emt 00:00:37]} O-O {[%clk 00:51:10]} {[%emt 00:00:10]} 8. Nf3
{[%clk 00:48:30]} {[%emt 00:00:30]} c6 {[%clk 00:51:05]} {[%emt 00:00:10]} 9.
Qh5 {[%clk 00:42:46]} {[%emt 00:05:43]} d5 {[%clk 00:50:31]} {[%emt 00:00:45]}
10. Bd3 {[%clk 00:42:27]} {[%emt 00:00:23]} g6 {[%clk 00:49:58]} {[%emt
00:00:38]} 11. Qh6 {[%clk 00:40:56]} {[%emt 00:01:36]} Re8 {[%clk 00:49:28]}
{[%emt 00:00:36]} 12. O-O {[%clk 00:40:45]} {[%emt 00:00:16]} Bf8 {[%clk
00:46:12]} {[%emt 00:03:21]} 13. Qf4 {[%clk 00:36:41]} {[%emt 00:04:04]} Be6
{[%clk 00:43:22]} {[%emt 00:02:59]} 14. Ng5 {[%clk 00:29:21]} {[%emt 00:07:25]}
Bh6 {[%clk 00:42:54]} {[%emt 00:00:33]} 15. Nxe6 {[%clk 00:28:30]} {[%emt
00:00:57]} Bxf4 {[%clk 00:42:46]} {[%emt 00:00:12]} 16. Nxd8 {[%clk 00:28:26]}
{[%emt 00:00:08]} Rxd8 {[%clk 00:42:42]} {[%emt 00:00:10]} 17. Be2 {[%clk
00:27:05]} {[%emt 00:01:26]} Re8 {[%clk 00:42:37]} {[%emt 00:00:11]} 18. Re1
{[%clk 00:26:15]} {[%emt 00:00:55]} Nd7 {[%clk 00:42:33]} {[%emt 00:00:09]} 19.
d4 {[%clk 00:26:05]} {[%emt 00:00:14]} Bxc1 {[%clk 00:40:54]} {[%emt 00:01:44]}
20. Raxc1 {[%clk 00:25:54]} {[%emt 00:00:16]} Nf6 {[%clk 00:39:53]} {[%emt
00:01:06]} 21. Bf3 {[%clk 00:24:50]} {[%emt 00:01:08]} Rxe1+ {[%clk 00:39:00]}
{[%emt 00:00:59]} 22. Rxe1 {[%clk 00:22:33]} {[%emt 00:02:22]} Re8 {[%clk
00:38:53]} {[%emt 00:00:12]} 23. Rxe8+ {[%clk 00:22:09]} {[%emt 00:00:28]} Nxe8
{[%clk 00:38:53]} {[%emt 00:00:06]} 24. Kf1 {[%clk 00:21:35]} {[%emt 00:00:39]}
Nd6 {[%clk 00:38:50]} {[%emt 00:00:08]} 25. Ke2 {[%clk 00:20:52]} {[%emt
00:00:48]} Kf8 {[%clk 00:38:35]} {[%emt 00:00:20]} 26. Kd3 {[%clk 00:19:31]}
{[%emt 00:01:26]} Ke7 {[%clk 00:38:25]} {[%emt 00:00:16]} 27. g4 {[%clk
00:16:40]} {[%emt 00:02:55]} g5 {[%clk 00:37:27]} {[%emt 00:01:02]} 28. b3
{[%clk 00:12:28]} {[%emt 00:04:18]} b5 {[%clk 00:36:46]} {[%emt 00:00:46]} 29.
h3 {[%clk 00:12:06]} {[%emt 00:00:27]} Ne8 {[%clk 00:36:24]} {[%emt 00:00:27]}
30. Be2 {[%clk 00:11:32]} {[%emt 00:00:38]} Nc7 {[%clk 00:35:49]} {[%emt
00:00:41]} 31. Ke3 {[%clk 00:11:06]} {[%emt 00:00:30]} Ne6 {[%clk 00:35:29]}
{[%emt 00:00:26]} 32. c3 {[%clk 00:10:11]} {[%emt 00:00:59]} h6 {[%clk
00:35:03]} {[%emt 00:00:31]} 33. Kf3 {[%clk 00:09:05]} {[%emt 00:01:11]} Nf4
{[%clk 00:34:20]} {[%emt 00:00:49]} 34. Bf1 {[%clk 00:08:53]} {[%emt 00:00:16]}
Kd6 {[%clk 00:33:58]} {[%emt 00:00:28]} 35. Ke3 {[%clk 00:08:06]} {[%emt
00:00:51]} a5 {[%clk 00:33:25]} {[%emt 00:00:39]} 36. a4 {[%clk 00:07:09]}
{[%emt 00:01:02]} bxa4 {[%clk 00:33:14]} {[%emt 00:00:16]} 37. bxa4 {[%clk
00:07:05]} {[%emt 00:00:08]} Ne6 {[%clk 00:32:59]} {[%emt 00:00:20]} 38. c4
{[%clk 00:06:18]} {[%emt 00:00:52]} dxc4 {[%clk 00:30:31]} {[%emt 00:02:33]}
39. Bxc4 {[%clk 00:06:05]} {[%emt 00:00:18]} c5 {[%clk 00:30:18]} {[%emt
00:00:18]} 40. dxc5+ {[%clk 00:05:25]} {[%emt 00:00:45]} Kxc5 {[%clk 00:30:17]}
{[%emt 00:00:06]} 41. Bb5 {[%clk 00:04:50]} {[%emt 00:00:40]} Nf4 {[%clk
00:29:45]} {[%emt 00:00:38]} 42. Ke4 {[%clk 00:03:59]} {[%emt 00:00:56]} Nxh3
{[%clk 00:29:26]} {[%emt 00:00:24]} 43. f3 {[%clk 00:04:01]} {[%emt 00:00:03]}
Nf4 {[%clk 00:29:15]} {[%emt 00:00:15]} 44. Ke5 {[%clk 00:03:54]} {[%emt
00:00:12]} Ne6 {[%clk 00:29:12]} {[%emt 00:00:08]} 45. Kf6 {[%clk 00:03:29]}
{[%emt 00:00:29]} Nd4 {[%clk 00:29:09]} {[%emt 00:00:10]} 46. Kxf7 {[%clk
00:03:23]} {[%emt 00:00:11]} Nxb5 {[%clk 00:28:56]} {[%emt 00:00:18]} 47. axb5
{[%clk 00:03:26]} {[%emt 00:00:02]} a4 {[%clk 00:28:48]} {[%emt 00:00:13]} 48.
Kg6 {[%clk 00:03:29]} a3 {[%clk 00:28:50]} {[%emt 00:00:04]} 49. Kxh6 {[%clk
00:03:32]} {[%emt 00:00:02]} a2 {[%clk 00:28:33]} {[%emt 00:00:22]} 50. b6
{[%clk 00:03:35]} {[%emt 00:00:03]} Kxb6 {[%clk 00:28:34]} {[%emt 00:00:04]}
51. Kxg5 {[%clk 00:03:37]} {[%emt 00:00:02]} a1=Q {[%clk 00:28:32]} {[%emt
00:00:08]} 52. f4 {[%clk 00:03:38]} {[%emt 00:00:04]} Qg7+ {[%clk 00:28:29]}
{[%emt 00:00:07]} 53. Kh4 {[%clk 00:03:41]} {[%emt 00:00:02]} Kc5 {[%clk
00:28:14]} {[%emt 00:00:21]} 54. Kg3 {[%clk 00:03:38]} {[%emt 00:00:08]} Kd4
{[%clk 00:28:14]} {[%emt 00:00:06]} 55. Kf3 {[%clk 00:03:39]} {[%emt 00:00:04]}
Qb7+ {[%clk 00:28:07]} {[%emt 00:00:12]} 56. Kg3 {[%clk 00:03:41]} {[%emt
00:00:02]} Ke4 {[%clk 00:27:56]} {[%emt 00:00:15]} 57. g5 {[%clk 00:03:41]}
{[%emt 00:00:05]} Qb3+ {[%clk 00:27:50]} {[%emt 00:00:11]} 58. Kg4 {[%clk
00:03:44]} {[%emt 00:00:02]} Qf3 {[%clk 00:27:47]} {[%emt 00:00:08]} 59. Kh4
{[%clk 00:03:47]} {[%emt 00:00:02]} Qxf4 {[%clk 00:27:45]} {[%emt 00:00:06]}
60. Kh5 {[%clk 00:03:51]} {[%emt 00:00:02]} Kf5 {[%clk 00:27:17]} {[%emt
00:00:34]} 61. Kh6 {[%clk 00:03:53]} {[%emt 00:00:03]} Qxg5+ {[%clk 00:27:10]}
{[%emt 00:00:12]} 62. Kh7 {[%clk 00:03:56]} {[%emt 00:00:02]} Kf6 {[%clk
00:26:56]} {[%emt 00:00:19]} 63. Kh8 {[%clk 00:03:58]} {[%emt 00:00:04]} Qg7#
{[%clk 00:26:55]} {[%emt 00:00:06]} 0-1

[Event "Deutscher Mix-Teampokal U12 2025"]
[Site "Bad Homburg GER"]
[Date "2025.07.19"]
[Round "1"]
[White "Xu, Dorothea Sicheng"]
[Black "Murrau, Adela"]
[Result "1-0"]
[Termination "normal"]
[Board "2.3"]
[WhiteElo "1581"]
[BlackElo "1009"]
[WhiteClock "00:12:19"]
[BlackClock "00:44:52"]
[WhiteTeam "SK Bad Homburg 1927"]
[BlackTeam "OSC Rheinhausen 04"]
[PlyCount "39"]
[WhiteFideId "34667539"]
[BlackFideId "533050716"]
[EventCountry "GER"]
[EventRounds "5"]
[EventType "team-swiss"]
[EventDate "2025.07.18"]

1. e4 {[%clk 00:55:09]} {[%emt 00:00:01]} e5 {[%clk 00:55:05]} {[%emt
00:00:05]} 2. Nf3 {[%clk 00:55:09]} {[%emt 00:00:05]} Nc6 {[%clk 00:54:56]}
{[%emt 00:00:13]} 3. Bc4 {[%clk 00:55:07]} {[%emt 00:00:08]} Nf6 {[%clk
00:54:34]} {[%emt 00:00:27]} 4. d4 {[%clk 00:54:47]} {[%emt 00:00:25]} exd4
{[%clk 00:54:23]} {[%emt 00:00:16]} 5. O-O {[%clk 00:54:20]} {[%emt 00:00:32]}
Nxe4 {[%clk 00:53:56]} {[%emt 00:00:32]} 6. Re1 {[%clk 00:54:17]} {[%emt
00:00:08]} d5 {[%clk 00:53:45]} {[%emt 00:00:14]} 7. Bxd5 {[%clk 00:54:11]}
{[%emt 00:00:13]} Qxd5 {[%clk 00:53:37]} {[%emt 00:00:12]} 8. Nc3 {[%clk
00:54:08]} {[%emt 00:00:09]} Qd8 {[%clk 00:53:24]} {[%emt 00:00:18]} 9. Nxe4
{[%clk 00:52:55]} {[%emt 00:01:19]} Be7 {[%clk 00:53:11]} {[%emt 00:00:15]} 10.
Bg5 {[%clk 00:48:00]} {[%emt 00:05:03]} O-O {[%clk 00:49:44]} {[%emt 00:03:31]}
11. Bxe7 {[%clk 00:46:41]} {[%emt 00:01:24]} Nxe7 {[%clk 00:49:38]} {[%emt
00:00:11]} 12. Nxd4 {[%clk 00:42:39]} {[%emt 00:04:08]} b6 {[%clk 00:48:00]}
{[%emt 00:01:43]} 13. c3 {[%clk 00:37:46]} {[%emt 00:04:58]} c5 {[%clk
00:47:48]} {[%emt 00:00:17]} 14. Nf3 {[%clk 00:34:26]} {[%emt 00:03:25]} Bg4
{[%clk 00:47:30]} {[%emt 00:00:23]} 15. Qe2 {[%clk 00:27:29]} {[%emt 00:07:03]}
Ng6 {[%clk 00:46:30]} {[%emt 00:01:04]} 16. h3 {[%clk 00:25:07]} {[%emt
00:02:29]} Be6 {[%clk 00:46:02]} {[%emt 00:00:27]} 17. Rad1 {[%clk 00:15:44]}
{[%emt 00:09:33]} Qe7 {[%clk 00:45:43]} {[%emt 00:00:23]} 18. Neg5 {[%clk
00:13:52]} {[%emt 00:01:58]} Nf4 {[%clk 00:45:22]} {[%emt 00:00:25]} 19. Qe4
{[%clk 00:12:21]} {[%emt 00:01:37]} Qf6 {[%clk 00:44:52]} {[%emt 00:00:34]} 20.
Qxh7# {[%clk 00:12:19]} {[%emt 00:00:08]} 1-0

[Event "Deutscher Mix-Teampokal U12 2025"]
[Site "Bad Homburg GER"]
[Date "2025.07.19"]
[Round "1"]
[White "Lachenmaier, Alica"]
[Black "Liu, Jonas"]
[Result "0-1"]
[Termination "normal"]
[Board "3.1"]
[WhiteElo "1250"]
[BlackElo "1723"]
[WhiteClock "00:37:53"]
[BlackClock "00:19:44"]
[WhiteTeam "SC Garching 1980"]
[BlackTeam "SV Oberursel"]
[PlyCount "114"]
[WhiteFideId "533025932"]
[BlackFideId "34660941"]
[EventCountry "GER"]
[EventRounds "5"]
[EventType "team-swiss"]
[EventDate "2025.07.18"]

1. c4 {[%clk 00:55:05]} {[%emt 00:00:04]} e6 {[%clk 00:54:33]} {[%emt
00:00:38]} 2. Nf3 {[%clk 00:55:01]} {[%emt 00:00:06]} Nf6 {[%clk 00:54:00]}
{[%emt 00:00:40]} 3. g3 {[%clk 00:53:58]} {[%emt 00:01:07]} d5 {[%clk
00:53:26]} {[%emt 00:00:41]} 4. d4 {[%clk 00:53:39]} {[%emt 00:00:24]} c6
{[%clk 00:52:42]} {[%emt 00:00:49]} 5. Bg2 {[%clk 00:53:29]} {[%emt 00:00:14]}
dxc4 {[%clk 00:51:55]} {[%emt 00:00:53]} 6. Ne5 {[%clk 00:53:20]} {[%emt
00:00:14]} Bb4+ {[%clk 00:51:46]} {[%emt 00:00:14]} 7. Nc3 {[%clk 00:53:03]}
{[%emt 00:00:22]} Nd5 {[%clk 00:50:47]} {[%emt 00:01:03]} 8. Bd2 {[%clk
00:52:42]} {[%emt 00:00:25]} b5 {[%clk 00:48:15]} {[%emt 00:02:38]} 9. e4
{[%clk 00:52:26]} {[%emt 00:00:20]} Nxc3 {[%clk 00:46:47]} {[%emt 00:01:35]}
10. Bxc3 {[%clk 00:51:55]} {[%emt 00:00:36]} Be7 {[%clk 00:46:35]} {[%emt
00:00:17]} 11. O-O {[%clk 00:51:35]} {[%emt 00:00:24]} O-O {[%clk 00:46:33]}
{[%emt 00:00:08]} 12. a4 {[%clk 00:51:32]} {[%emt 00:00:07]} Bb7 {[%clk
00:46:12]} {[%emt 00:00:27]} 13. Qg4 {[%clk 00:50:49]} {[%emt 00:00:47]} b4
{[%clk 00:44:06]} {[%emt 00:02:11]} 14. Bd2 {[%clk 00:50:47]} {[%emt 00:00:05]}
Qxd4 {[%clk 00:43:08]} {[%emt 00:01:06]} 15. Nf3 {[%clk 00:50:13]} {[%emt
00:00:39]} Qd8 {[%clk 00:42:23]} {[%emt 00:00:51]} 16. Bh6 {[%clk 00:50:08]}
{[%emt 00:00:08]} Bf6 {[%clk 00:42:22]} {[%emt 00:00:07]} 17. e5 {[%clk
00:49:39]} {[%emt 00:00:33]} c5 {[%clk 00:37:50]} {[%emt 00:04:38]} 18. exf6
{[%clk 00:49:32]} {[%emt 00:00:12]} Qxf6 {[%clk 00:37:50]} {[%emt 00:00:06]}
19. Bg5 {[%clk 00:49:03]} {[%emt 00:00:33]} Qf5 {[%clk 00:30:30]} {[%emt
00:07:25]} 20. Qxf5 {[%clk 00:48:44]} {[%emt 00:00:23]} exf5 {[%clk 00:30:32]}
{[%emt 00:00:04]} 21. Rac1 {[%clk 00:48:14]} {[%emt 00:00:34]} f6 {[%clk
00:29:25]} {[%emt 00:01:12]} 22. Be3 {[%clk 00:48:11]} {[%emt 00:00:06]} Nd7
{[%clk 00:29:25]} {[%emt 00:00:08]} 23. Rxc4 {[%clk 00:47:59]} {[%emt
00:00:16]} Ba6 {[%clk 00:29:24]} {[%emt 00:00:07]} 24. Rfc1 {[%clk 00:47:35]}
{[%emt 00:00:29]} Bxc4 {[%clk 00:29:21]} {[%emt 00:00:08]} 25. Rxc4 {[%clk
00:47:34]} {[%emt 00:00:06]} Rac8 {[%clk 00:29:18]} {[%emt 00:00:07]} 26. Nh4
{[%clk 00:47:33]} {[%emt 00:00:06]} g6 {[%clk 00:29:06]} {[%emt 00:00:18]} 27.
Bd5+ {[%clk 00:47:29]} {[%emt 00:00:09]} Kh8 {[%clk 00:29:00]} {[%emt
00:00:12]} 28. Be6 {[%clk 00:47:24]} {[%emt 00:00:09]} Rfd8 {[%clk 00:27:53]}
{[%emt 00:01:12]} 29. Bxd7 {[%clk 00:45:42]} {[%emt 00:01:47]} Rxd7 {[%clk
00:27:56]} {[%emt 00:00:02]} 30. Bxc5 {[%clk 00:44:48]} {[%emt 00:00:58]} Rdc7
{[%clk 00:27:46]} {[%emt 00:00:16]} 31. Rxb4 {[%clk 00:43:47]} {[%emt
00:01:05]} Rxc5 {[%clk 00:27:46]} {[%emt 00:00:06]} 32. Rb7 {[%clk 00:43:32]}
{[%emt 00:00:19]} R8c7 {[%clk 00:27:32]} {[%emt 00:00:20]} 33. Rb8+ {[%clk
00:43:29]} {[%emt 00:00:07]} Kg7 {[%clk 00:27:34]} {[%emt 00:00:04]} 34. b4
{[%clk 00:43:12]} {[%emt 00:00:21]} Rc1+ {[%clk 00:27:08]} {[%emt 00:00:32]}
35. Kg2 {[%clk 00:43:09]} {[%emt 00:00:08]} Ra1 {[%clk 00:26:51]} {[%emt
00:00:21]} 36. a5 {[%clk 00:43:05]} {[%emt 00:00:10]} Ra2 {[%clk 00:25:35]}
{[%emt 00:01:20]} 37. Nf3 {[%clk 00:42:02]} {[%emt 00:01:08]} g5 {[%clk
00:24:35]} {[%emt 00:01:06]} 38. Nd4 {[%clk 00:41:51]} {[%emt 00:00:10]} Kg6
{[%clk 00:23:54]} {[%emt 00:00:53]} 39. Rg8+ {[%clk 00:41:39]} {[%emt
00:00:16]} Rg7 {[%clk 00:22:38]} {[%emt 00:01:21]} 40. Rf8 {[%clk 00:41:06]}
{[%emt 00:00:38]} Rd7 {[%clk 00:22:08]} {[%emt 00:00:32]} 41. Rg8+ {[%clk
00:41:02]} {[%emt 00:00:11]} Kf7 {[%clk 00:22:07]} {[%emt 00:00:07]} 42. Ra8
{[%clk 00:40:50]} {[%emt 00:00:17]} Rxd4 {[%clk 00:21:50]} {[%emt 00:00:22]}
43. Rxa7+ {[%clk 00:40:47]} {[%emt 00:00:07]} Kg6 {[%clk 00:21:41]} {[%emt
00:00:16]} 44. b5 {[%clk 00:40:43]} {[%emt 00:00:08]} Rd5 {[%clk 00:21:27]}
{[%emt 00:00:18]} 45. b6 {[%clk 00:40:14]} {[%emt 00:00:34]} Raxa5 {[%clk
00:21:14]} {[%emt 00:00:18]} 46. b7 {[%clk 00:39:55]} {[%emt 00:00:24]} Rab5
{[%clk 00:21:00]} {[%emt 00:00:18]} 47. h3 {[%clk 00:39:40]} {[%emt 00:00:22]}
Rd6 {[%clk 00:20:17]} {[%emt 00:00:48]} 48. b8=Q {[%clk 00:38:46]} {[%emt
00:00:59]} Rxb8 {[%clk 00:20:17]} {[%emt 00:00:05]} 49. Ra2 {[%clk 00:38:42]}
{[%emt 00:00:08]} Rdb6 {[%clk 00:20:07]} {[%emt 00:00:16]} 50. h4 {[%clk
00:38:37]} {[%emt 00:00:10]} Rb2 {[%clk 00:20:03]} {[%emt 00:00:08]} 51. Ra5
{[%clk 00:38:28]} {[%emt 00:00:15]} Rc8 {[%clk 00:19:48]} {[%emt 00:00:19]} 52.
h5+ {[%clk 00:38:26]} {[%emt 00:00:08]} Kxh5 {[%clk 00:19:42]} {[%emt
00:00:12]} 53. Rxf5 {[%clk 00:38:25]} {[%emt 00:00:05]} Kg6 {[%clk 00:19:45]}
{[%emt 00:00:02]} 54. g4 {[%clk 00:38:20]} {[%emt 00:00:10]} Rcc2 {[%clk
00:19:47]} {[%emt 00:00:03]} 55. Kg3 {[%clk 00:38:16]} {[%emt 00:00:09]} h5
{[%clk 00:19:44]} {[%emt 00:00:09]} 56. f3 {[%clk 00:37:57]} {[%emt 00:00:23]}
h4+ {[%clk 00:19:44]} {[%emt 00:00:05]} 57. Kh3 {[%clk 00:37:53]} {[%emt
00:00:09]} Rh2# {[%clk 00:19:44]} {[%emt 00:00:05]} 0-1

[Event "Deutscher Mix-Teampokal U12 2025"]
[Site "Bad Homburg GER"]
[Date "2025.07.19"]
[Round "1"]
[White "Huang, Flora Yueya"]
[Black "Feuchtinger, Leopold"]
[Result "1-0"]
[Termination "normal"]
[Board "3.2"]
[WhiteElo "1747"]
[BlackElo "1176"]
[WhiteClock "00:30:57"]
[BlackClock "00:37:09"]
[WhiteTeam "SV Oberursel"]
[BlackTeam "SC Garching 1980"]
[PlyCount "63"]
[WhiteFideId "533015651"]
[BlackFideId "533027617"]
[EventCountry "GER"]
[EventRounds "5"]
[EventType "team-swiss"]
[EventDate "2025.07.18"]

1. d4 {[%clk 00:55:08]} {[%emt 00:00:02]} d5 {[%clk 00:54:56]} {[%emt
00:00:14]} 2. c4 {[%clk 00:55:08]} {[%emt 00:00:05]} c6 {[%clk 00:54:46]}
{[%emt 00:00:14]} 3. Nf3 {[%clk 00:54:59]} {[%emt 00:00:15]} Nf6 {[%clk
00:54:26]} {[%emt 00:00:25]} 4. Nc3 {[%clk 00:54:53]} {[%emt 00:00:11]} Bf5
{[%clk 00:54:07]} {[%emt 00:00:23]} 5. e3 {[%clk 00:53:10]} {[%emt 00:01:49]}
e6 {[%clk 00:53:12]} {[%emt 00:01:00]} 6. a3 {[%clk 00:52:18]} {[%emt
00:00:58]} Be7 {[%clk 00:52:25]} {[%emt 00:00:50]} 7. Bd3 {[%clk 00:51:44]}
{[%emt 00:00:40]} Ne4 {[%clk 00:51:57]} {[%emt 00:00:32]} 8. Qc2 {[%clk
00:50:58]} {[%emt 00:00:52]} Nxc3 {[%clk 00:51:28]} {[%emt 00:00:34]} 9. Bxf5
{[%clk 00:48:49]} {[%emt 00:02:15]} exf5 {[%clk 00:51:13]} {[%emt 00:00:19]}
10. Qxc3 {[%clk 00:48:19]} {[%emt 00:00:35]} O-O {[%clk 00:50:50]} {[%emt
00:00:28]} 11. O-O {[%clk 00:48:06]} {[%emt 00:00:18]} c5 {[%clk 00:49:34]}
{[%emt 00:01:21]} 12. dxc5 {[%clk 00:45:35]} {[%emt 00:02:36]} Bxc5 {[%clk
00:49:23]} {[%emt 00:00:16]} 13. Rd1 {[%clk 00:45:16]} {[%emt 00:00:24]} Bb6
{[%clk 00:47:35]} {[%emt 00:01:51]} 14. Rxd5 {[%clk 00:43:37]} {[%emt
00:01:46]} Qc7 {[%clk 00:46:22]} {[%emt 00:01:17]} 15. b4 {[%clk 00:41:20]}
{[%emt 00:02:23]} Rc8 {[%clk 00:45:40]} {[%emt 00:00:44]} 16. Bb2 {[%clk
00:40:37]} {[%emt 00:00:51]} f6 {[%clk 00:45:28]} {[%emt 00:00:17]} 17. c5
{[%clk 00:37:32]} {[%emt 00:03:10]} a6 {[%clk 00:44:38]} {[%emt 00:00:55]} 18.
Qb3 {[%clk 00:36:38]} {[%emt 00:00:59]} Qf7 {[%clk 00:43:53]} {[%emt 00:00:48]}
19. cxb6 {[%clk 00:35:45]} {[%emt 00:01:00]} Nd7 {[%clk 00:43:11]} {[%emt
00:00:48]} 20. Rd3 {[%clk 00:35:18]} {[%emt 00:00:31]} Qxb3 {[%clk 00:42:54]}
{[%emt 00:00:22]} 21. Rxb3 {[%clk 00:35:19]} {[%emt 00:00:04]} Nxb6 {[%clk
00:42:49]} {[%emt 00:00:10]} 22. Bd4 {[%clk 00:33:32]} {[%emt 00:01:50]} Nc4
{[%clk 00:41:43]} {[%emt 00:01:13]} 23. Rbb1 {[%clk 00:33:21]} {[%emt
00:00:16]} Rc7 {[%clk 00:41:18]} {[%emt 00:00:30]} 24. h3 {[%clk 00:31:36]}
{[%emt 00:01:50]} Rac8 {[%clk 00:39:40]} {[%emt 00:01:42]} 25. Rd1 {[%clk
00:31:10]} {[%emt 00:00:32]} b5 {[%clk 00:39:23]} {[%emt 00:00:21]} 26. Bc5
{[%clk 00:30:55]} {[%emt 00:00:21]} Nb2 {[%clk 00:38:36]} {[%emt 00:00:50]} 27.
Rd6 {[%clk 00:30:39]} {[%emt 00:00:23]} Rc6 {[%clk 00:38:08]} {[%emt 00:00:33]}
28. Rxc6 {[%clk 00:30:10]} {[%emt 00:00:35]} Rxc6 {[%clk 00:37:59]} {[%emt
00:00:13]} 29. Nd4 {[%clk 00:29:38]} {[%emt 00:00:37]} Rc8 {[%clk 00:37:46]}
{[%emt 00:00:17]} 30. Nxf5 {[%clk 00:29:09]} {[%emt 00:00:34]} Kf7 {[%clk
00:37:20]} {[%emt 00:00:32]} 31. Nd6+ {[%clk 00:29:04]} {[%emt 00:00:10]} Kg6
{[%clk 00:37:09]} {[%emt 00:01:03]} 32. Nxc8 {[%clk 00:30:57]} {[%emt
00:00:06]} 1-0

[Event "Deutscher Mix-Teampokal U12 2025"]
[Site "Bad Homburg GER"]
[Date "2025.07.19"]
[Round "1"]
[White "Lörinci, Emma"]
[Black "Nikonenko, Tymofii"]
[Result "0-1"]
[Termination "normal"]
[Board "3.3"]
[WhiteElo "1087"]
[BlackElo "1518"]
[WhiteClock "00:51:21"]
[BlackClock "00:38:53"]
[WhiteTeam "SC Garching 1980"]
[BlackTeam "SV Oberursel"]
[PlyCount "38"]
[WhiteFideId "34639764"]
[BlackFideId "34166246"]
[EventCountry "GER"]
[EventRounds "5"]
[EventType "team-swiss"]
[EventDate "2025.07.18"]

1. e4 {[%clk 00:55:09]} e5 {[%clk 00:55:06]} {[%emt 00:00:04]} 2. Nf3 {[%clk
00:55:10]} {[%emt 00:00:05]} Nc6 {[%clk 00:55:06]} {[%emt 00:00:05]} 3. Bc4
{[%clk 00:55:09]} {[%emt 00:00:05]} Bc5 {[%clk 00:55:04]} {[%emt 00:00:07]} 4.
c3 {[%clk 00:55:10]} {[%emt 00:00:04]} Nf6 {[%clk 00:55:04]} {[%emt 00:00:05]}
5. d4 {[%clk 00:55:10]} {[%emt 00:00:06]} exd4 {[%clk 00:54:58]} {[%emt
00:00:10]} 6. cxd4 {[%clk 00:55:12]} {[%emt 00:00:03]} d5 {[%clk 00:49:50]}
{[%emt 00:05:14]} 7. exd5 {[%clk 00:54:52]} {[%emt 00:00:24]} Bb4+ {[%clk
00:49:37]} {[%emt 00:00:18]} 8. Nc3 {[%clk 00:54:46]} {[%emt 00:00:11]} Bxc3+
{[%clk 00:49:29]} {[%emt 00:00:13]} 9. bxc3 {[%clk 00:54:44]} {[%emt 00:00:07]}
Nxd5 {[%clk 00:49:20]} {[%emt 00:00:14]} 10. O-O {[%clk 00:54:25]} {[%emt
00:00:24]} O-O {[%clk 00:49:08]} {[%emt 00:00:17]} 11. Ba3 {[%clk 00:54:08]}
{[%emt 00:00:21]} Re8 {[%clk 00:49:02]} {[%emt 00:00:11]} 12. Rc1 {[%clk
00:53:52]} {[%emt 00:00:20]} Be6 {[%clk 00:48:33]} {[%emt 00:00:35]} 13. Bxd5
{[%clk 00:53:08]} {[%emt 00:00:49]} Bxd5 {[%clk 00:48:16]} {[%emt 00:00:22]}
14. c4 {[%clk 00:53:03]} {[%emt 00:00:11]} Bxf3 {[%clk 00:48:14]} {[%emt
00:00:07]} 15. Qxf3 {[%clk 00:53:02]} {[%emt 00:00:07]} Qxd4 {[%clk 00:47:39]}
{[%emt 00:00:40]} 16. Rfd1 {[%clk 00:52:23]} {[%emt 00:00:44]} Qe4 {[%clk
00:39:25]} {[%emt 00:08:18]} 17. Qb3 {[%clk 00:52:01]} {[%emt 00:00:26]} Nd4
{[%clk 00:39:12]} {[%emt 00:00:19]} 18. Rxd4 {[%clk 00:51:24]} {[%emt
00:00:43]} Qe1+ {[%clk 00:38:57]} {[%emt 00:00:20]} 19. Rxe1 {[%clk 00:51:21]}
{[%emt 00:00:07]} Rxe1# {[%clk 00:38:53]} {[%emt 00:00:09]} 0-1